Účtová osnova a postupy účtovania pre podnikateľov

Guardado en:
Detalles Bibliográficos
Formato: Libro
Lenguaje:eslovaco
Publicado: Praha Bilance 1992
Edición:1. vyd.
Materias:
Etiquetas: Agregar Etiqueta
Sin Etiquetas, Sea el primero en etiquetar este registro!

MARC

LEADER 00000nam a2200000 4500
001 c001985
005 20221214091943.5
041 0 |a slo 
044 |a CZ 
245 1 0 |a Účtová osnova a postupy účtovania pre podnikateľov 
250 |a 1. vyd. 
264 1 |a Praha  |b Bilance  |c 1992 
300 |a 133 s. 
610 2 0 |a osnova účtová 
610 2 0 |a účtovníctvo 
610 2 0 |a podnikatelia 
610 2 0 |a predpisy právne 
610 2 0 |a ČSFR 
610 2 0 |a 1992